La condición del trabajo / (Record no. 71606)

MARC details
000 -LEADER
campo de control de longitud fija 00686nam a2200205 i 4500
001 - NÚMERO DE CONTROL
campo de control 71606
003 - IDENTIFICADOR DE NÚMERO DE CONTROL
campo de control ES-MaACL
005 - FECHA Y HORA DE LA ÚLTIMA TRANSACCIÓN
campo de control 20250826065709.0
007 - CAMPO FIJO DE DESCRIPCIÓN FÍSICA--INFORMACIÓN GENERAL
campo de control de longitud fija t|
008 - DATOS DE LONGITUD FIJA--INFORMACIÓN GENERAL
campo de control de longitud fija 040813s1915 sp |||| | spa d
100 1# - ENTRADA PRINCIPAL--NOMBRE DE PERSONA
Nombre de persona George, Henry.
9 (RLIN) 56382
245 13 - MENCIÓN DEL TÍTULO
Título La condición del trabajo /
Mención de responsabilidad, etc. Henry George ; traducción directa del inglés por Baldomero Argente.
260 ## - PUBLICACIÓN, DISTRIBUCIÓN, ETC.
Lugar de publicación, distribución, etc. Madrid :
Nombre del editor, distribuidor, etc. Francisco Beltrán,
Fecha de publicación, distribución, etc. [1915]
300 ## - DESCRIPCIÓN FÍSICA
Extensión 118 p. ;
Dimensiones 21 cm.
650 #7 - PUNTO DE ACCESO ADICIONAL DE MATERIA--TÉRMINO DE MATERIA
Término de materia o nombre geográfico como elemento de entrada Trabajo-
Subdivisión general Aspectos religiosos-
-- Cristianismo
Fuente del encabezamiento o término
9 (RLIN) 165799
650 #7 - PUNTO DE ACCESO ADICIONAL DE MATERIA--TÉRMINO DE MATERIA
Término de materia o nombre geográfico como elemento de entrada Problemas sociales
Fuente del encabezamiento o término embne
9 (RLIN) 16415
700 1# - ENTRADA AGREGADA--NOMBRE PERSONAL
Nombre de persona Argente, Baldomero,
Fechas asociadas al nombre 1877-1965
9 (RLIN) 22691
852 ## - LOCALIZACIÓN
Ubicación ES-MaACL
Número de control de estantería 1490-F-10
Holdings
Estatus retirado Estado de pérdida Estado de daño No para préstamo Colección Biblioteca de origen Biblioteca actual Ubicación en estantería Fecha de adquisición Fuente de adquisición Total de préstamos Signatura topográfica completa Código de barras Visto por última vez Precio de reemplazo Tipo de ítem Koha
        Colección de folletos Biblioteca del Ateneo de Madrid Biblioteca del Ateneo de Madrid Depósito folletos 17/01/2008     1490-F-10 1074967 23/02/2023 23/02/2023 Folleto